Normal view
MARC view
- JOHN R. VACCA
Entry Personal Name
001 - CONTROL NUMBER
- control field: 98100
003 - CONTROL NUMBER IDENTIFIER
- control field: NUST
005 - DATE AND TIME OF LATEST TRANSACTION
- control field: 20220818184335.0
008 - FIXED-LENGTH DATA ELEMENTS
- fixed length control field: 220818|| aca||aabn | a|a d
040 ## - CATALOGING SOURCE
- Original cataloging agency: NUST
- Transcribing agency: NUST
100 ## - HEADING--PERSONAL NAME
- Personal name: JOHN R. VACCA
670 ## - SOURCE DATA FOUND
- Source citation: Work cat.: (NUST)180437: VACCA, JOHN R. 95213, Telecom portable consultant i-mode crash course /, 2002
